Statistiken für Geographie nach Buchstaben - S

Klicken Sie hier um das Quiz zu spielen!

Allgemein

  • Dieses Quiz wurde 256 mal gespielt
  • Das Durchschnittsergebnis liegt bei 16 aus 23

Antwortstatistiken

HinweisAntwort% Korrekt
Die größte nicht-polare Wüste der WeltSahara
100%
Land mit riesigen ÖlreservenSaudi-Arabien
94%
Edinburgh ist seine HauptstadtSchottland
94%
Fluss, der durch Paris fließtSeine
91%
Die zweithäufigste Muttersprache der WeltSpanisch
89%
Gastgeber der FIFA Fussball-Weltmeisterschaft 2010Südafrika
86%
Die weiten östlichen Regionen RusslandsSibirien
85%
Größte MittelmeerinselSizilien
80%
Größte Stadt am NeckarStuttgart
78%
Größte Stadt in SüdamerikaSão Paulo
77%
Kanal, der das Mittelmeer mit dem Roten Meer verbindetSuezkanal
77%
Kleine Nation, berühmt für das Verbot von KaugummiSingapur
76%
Ehemalige Währung ÖsterreichsSchilling
73%
Nation am Horn von AfrikaSomalia
73%
Schloss Drottningholm ist in dieser StadtStockholm
65%
Hauptstadt von KalifornienSacramento
63%
Rivale zum antiken AthenSparta
63%
Einer der beiden Haupttypen von MuslimenSunniten
57%
Früherer Name von Ho-Chi-Minh-StadtSaigon
52%
Das Alamo ist eine Festung in dieser texanischen StadtSan Antonio
33%
Indigene Religion JapansShinto
24%
Provinz im Südwesten Chinas, bekannt für scharfe KücheSichuan
19%
Der andereSchia
16%

Verteilung der Resultate

Perzentil nach korrekt beantworteten Fragen

Anzahl Personen mit jedem Resultat

Ihre Resultats-Entwicklung

Sie haben dieses Quiz noch nicht gespielt